|
|
|
|
| LEADER |
00000nam0a2200000 4500 |
| 001 |
279195 |
| 005 |
20231101235203.0 |
| 035 |
|
|
|a (RuTPU)RU\TPU\book\302473
|
| 090 |
|
|
|a 279195
|
| 100 |
|
|
|a 20141217d1985 m y0rusy5003 ca
|
| 101 |
0 |
|
|a rus
|
| 102 |
|
|
|a RU
|
| 105 |
|
|
|a a j 001zy
|
| 200 |
1 |
|
|a Повышение долговечности железобетонных конструкций, эксплуатируемых в условиях Севера
|e учебное пособие
|f В. Н. Пантилеенко, А. Т. Мяндин
|g Ухтинский индустриальный институт (УИИ)
|
| 210 |
|
|
|a Пермь
|c Пермский университет
|d 1985
|
| 215 |
|
|
|a 88 с.
|d 21 см
|c ил.
|
| 300 |
|
|
|a На обл. авт. не указаны
|
| 320 |
|
|
|a Библиогр.: с. 87-88
|
| 606 |
1 |
|
|a Железобетонные конструкции
|x Долговечность
|2 stltpush
|3 (RuTPU)RU\TPU\subj\10638
|9 37680
|
| 610 |
1 |
|
|a Север СССР
|
| 610 |
1 |
|
|a климатические условия
|
| 610 |
1 |
|
|a влияние
|
| 610 |
1 |
|
|a бетоны
|
| 610 |
1 |
|
|a пропитка
|
| 610 |
1 |
|
|a используемые материалы
|
| 610 |
1 |
|
|a состав
|
| 610 |
1 |
|
|a жидкое стекло
|
| 610 |
1 |
|
|a пропитанные бетоны
|
| 610 |
1 |
|
|a свойства
|
| 610 |
1 |
|
|a применение
|
| 610 |
1 |
|
|a технико-экономические показатели
|
| 610 |
1 |
|
|a учебные пособия
|
| 675 |
|
|
|a 691.328:620.1(075.8)
|z rus
|v 4
|
| 700 |
|
1 |
|a Пантилеенко
|b В. Н.
|4 070
|
| 701 |
|
1 |
|a Мяндин
|b А. Т.
|4 070
|
| 712 |
0 |
2 |
|a Ухтинский индустриальный институт (УИИ)
|c (1967-1999)
|2 stltpush
|3 (RuTPU)RU\TPU\col\8924
|
| 801 |
|
0 |
|a RU
|b RuMRKP
|c 19950704
|g psbo
|
| 801 |
|
1 |
|a RU
|b 63413507
|c 20141217
|
| 801 |
|
2 |
|a RU
|b 63413507
|c 20170414
|g RCR
|
| 942 |
|
|
|c BK
|